| 000 | 00541nam a2200181 a 4500 | ||
|---|---|---|---|
| 005 | 20210223123124.0 | ||
| 008 | 991125s1963 mx 000 0 spa u | ||
| 035 | _aUPN01000047908 | ||
| 049 | _aCG | ||
| 050 | 4 |
_aHF5548.5 _bM3.68 |
|
| 100 | 1 | _aMcCracken, Daniel D. | |
| 245 | 1 | 0 |
_aProgramación ALGOL / _cDaniel D. McCracken ; tr. Josef Warman Gryj. |
| 260 |
_aMéxico : _bLimusa, _c1963. |
||
| 300 | _a122 p. | ||
| 440 | 0 | _aObras sobre programación | |
| 650 | 4 |
_aALGOL (LENGUAJE DE PROGRAMACION PARA COMPUTADORA) _97519 |
|
| 905 | _aLibro | ||
| 999 |
_c47908 _d47908 |
||